00466nam a2200181 a 4500001001300000003000900013005001700022008004100039020001000080082001500090100001700105245003300122260002800155300000900183500003500192650004000227700001700267nice12345678IN_TiNIC20260116011258.0070615s1969 lona grp 000 0 eng  ac10000a220.6bBOW aBowden, John aWhat About the Old Testament aLondonbSCM Pressc1969 a127p aincludes index and biblioraphy aBible O.T. Criticism & Interpretati1 aBowden, John